Co kupujemy, gdy wprowadzamy się do nowego mieszkania - Statystyki

Ogólne statystyki
  • Ten quiz został rozwiązany 30 razy
  • Średni wynik to 3 z 5
Statystyki odpowiedzi
Odpowiedź % Poprawnych
łóżko
86%
telewizor
75%
stół
61%
lodówka
46%
pralka
43%
Nie znaleziono quizów pasujących do podanych kryteriów
Rozkład punktacji
Procent ludzi z każdym wynikiem
Percentyl według liczby udzielonych odpowiedzi
Twoja historia wyników
Nie rozwiązałeś tego quizu